<?xml version="1.0" encoding="UTF-8"?>
<collection xmlns="http://www.loc.gov/MARC21/slim">
 <record>
  <leader>01027nam a22002295a 4500</leader>
  <controlfield tag="001">CEM.cems006101</controlfield>
  <controlfield tag="008">130507s1977##################000#0#####d</controlfield>
  <controlfield tag="005">20210916184837.0</controlfield>
  <controlfield tag="003">CEMS</controlfield>
  <datafield tag="245" ind1="1" ind2="0">
   <subfield code="a">Genes, enzimas y enfermedades hereditarias /</subfield>
  </datafield>
  <datafield tag="250" ind1=" " ind2=" ">
   <subfield code="a">3a. ed.</subfield>
  </datafield>
  <datafield tag="260" ind1=" " ind2=" ">
   <subfield code="a">Buenos Aires :</subfield>
   <subfield code="b">Eudeba,</subfield>
   <subfield code="c">1977</subfield>
  </datafield>
  <datafield tag="300" ind1=" " ind2=" ">
   <subfield code="a">157 p.</subfield>
  </datafield>
  <datafield tag="505" ind1="0" ind2=" ">
   <subfield code="a">Mendelismo.-Cromosomas sexuales y herencia ligada al sexo.-Veh¡culos de la herencia.-Ciclos biol¢gicos y reproducci¢n.-Base qu¡mica de la herencia.-Ligamiento, entrecruzamiento y elaboraci¢n de mapas cromos¢micos. -Variaciónes en la estructura del genoma.-Mutaci¢n.-Funci¢n g'nica. -Sist. extracromos¢micos y epigen'ticos.-El papel de los genes en el desarrollo.-Los genes en las poblaciónes.-Herencia cuantitativa. -</subfield>
  </datafield>
  <datafield tag="100" ind1="1" ind2=" ">
   <subfield code="a">Sutton, H Eldon</subfield>
  </datafield>
  <datafield tag="082" ind1="0" ind2="4">
   <subfield code="a">575.1</subfield>
  </datafield>
  <datafield tag="653" ind1=" " ind2=" ">
   <subfield code="a">Adn</subfield>
  </datafield>
  <datafield tag="653" ind1=" " ind2=" ">
   <subfield code="a">Genes-estructura</subfield>
  </datafield>
  <datafield tag="653" ind1=" " ind2=" ">
   <subfield code="a">Genetica</subfield>
  </datafield>
  <datafield tag="653" ind1=" " ind2=" ">
   <subfield code="a">Genetica y enfermedad</subfield>
  </datafield>
  <datafield tag="653" ind1=" " ind2=" ">
   <subfield code="a">Metabolismo</subfield>
  </datafield>
  <datafield tag="859" ind1=" " ind2=" ">
   <subfield code="a">CEMS</subfield>
   <subfield code="b">BIB. CEMS - Agricultura</subfield>
   <subfield code="h">575.1</subfield>
   <subfield code="i">Su87a3</subfield>
   <subfield code="p">A10952.82</subfield>
   <subfield code="t">Ej.1</subfield>
  </datafield>
 </record>
</collection>
